[Event "Rated Rapid tournament CZIIOsKU"]
[Site "?"]
[Date "2021.07.13"]
[Round "?"]
[White "MastacticaTeoria"]
[Black "Ahremchuk_A_A"]
[Result "1-0"]
[WhiteElo "2406"]
[BlackElo "2200"]
[PlyCount "97"]
[EventDate "2021.??.??"]
[EventType "rapid"]

1. e4 e5 2. Nf3 d5 3. exd5 e4 4. Qe2 Qe7 5. Nd4 Nf6 6. Nc3 Na6 7. a3 Nc5 8. b4
Ncd7 9. d3 exd3 10. Qxe7+ Bxe7 11. Bxd3 Nb6 12. Ncb5 Bd8 13. c4 O-O 14. O-O a6
15. Nc3 Ng4 16. Bf4 Bf6 17. Nce2 Ne5 18. Bxe5 Bxe5 19. Rad1 a5 20. f4 Bf6 21.
Nb5 axb4 22. axb4 Bd8 23. Nec3 Bd7 24. c5 Nc8 25. Ra1 Rxa1 26. Rxa1 c6 27. dxc6
bxc6 28. Nd6 Nxd6 29. cxd6 Bf6 30. Ra3 Rb8 31. Ne4 Bd4+ 32. Kf1 f5 33. Nc5 Bxc5
34. bxc5 Kf7 35. Bc4+ Kf6 36. Ra7 Be6 37. Bxe6 Kxe6 38. Re7+ Kf6 39. Rc7 Ke6
40. Rxc6 Rb4 41. g3 Kd5 42. d7 Kxc6 43. d8=Q Kxc5 44. Qf8+ Kc4 45. Qxf5 g6 46.
Qf7+ Kd3 47. Qxh7 Re4 48. Qxg6 Ke3 49. Qxe4+ {Normal} 1-0

[Event "Rated Rapid game"]
[Site "?"]
[Date "2021.07.13"]
[Round "?"]
[White "supertrif"]
[Black "el7or95"]
[Result "1-0"]
[WhiteElo "2424"]
[BlackElo "2295"]
[PlyCount "49"]
[EventDate "2021.??.??"]
[EventType "rapid"]

1. e4 e5 2. Nf3 d5 3. Nxe5 Nd7 4. Nxd7 Qxd7 5. exd5 Qxd5 6. Nc3 Qa5 7. Bc4 Be6
8. Qe2 Qb6 9. Bxe6 fxe6 10. Qb5+ Qxb5 11. Nxb5 Bd6 12. d3 Nf6 13. Be3 a6 14.
Nd4 e5 15. Nf5 Bf8 16. Bg5 O-O-O 17. Bxf6 gxf6 18. g4 Bb4+ 19. Ke2 e4 20. Rad1
exd3+ 21. Rxd3 Rde8+ 22. Kd1 h5 23. c3 Bc5 24. gxh5 Rxh5 25. Ng7 {Normal} 1-0

[Event "Rated Blitz game"]
[Site "?"]
[Date "2021.07.13"]
[Round "?"]
[White "templario77"]
[Black "Dzon_Vejn"]
[Result "1/2-1/2"]
[WhiteElo "2538"]
[BlackElo "2484"]
[PlyCount "99"]
[EventDate "2021.??.??"]
[EventType "blitz"]

1. e4 e5 2. Nf3 d5 3. exd5 e4 4. Qe2 Nf6 5. d3 Qxd5 6. Nc3 Bb4 7. Bd2 Bxc3 8.
Bxc3 Nbd7 9. O-O-O Qxa2 10. dxe4 O-O 11. e5 Nd5 12. Qc4 Qxc4 13. Bxc4 Nxc3 14.
bxc3 Nb6 15. Bb3 Bg4 16. h3 Bxf3 17. gxf3 Rfd8 18. f4 Kf8 19. f5 Nd7 20. f4 Nc5
21. Rd4 Rxd4 22. cxd4 Nxb3+ 23. cxb3 c6 24. Kc2 Rd8 25. Kc3 Rd5 26. b4 Ke7 27.
Rg1 g6 28. f6+ Ke6 29. Ra1 a6 30. Kd3 Rb5 31. Ra4 Rd5 32. Ke4 Rb5 33. h4 h6 34.
Ke3 Kf5 35. Kf3 Rd5 36. Ke3 Kg4 37. Ra5 Kf5 38. Rxd5 cxd5 39. Kd3 b6 40. Kc3
Ke6 41. Kb3 Kf5 42. Ka4 Ke6 43. Kb3 Kf5 44. Kc3 Ke6 45. Kd3 Kf5 46. Ke3 Ke6 47.
Kf3 Kf5 48. Ke3 Ke6 49. Kf3 Kf5 50. Ke3 {Normal} 1/2-1/2

[Event "Rated Blitz game"]
[Site "?"]
[Date "2021.07.13"]
[Round "?"]
[White "Maestromono"]
[Black "lavilaine"]
[Result "1-0"]
[WhiteElo "2411"]
[BlackElo "2402"]
[PlyCount "79"]
[EventDate "2021.??.??"]
[EventType "blitz"]

1. e4 e5 2. Nf3 d5 3. exd5 e4 4. Qe2 f5 5. d3 Nf6 6. Nbd2 Qxd5 7. dxe4 fxe4 8.
c4 Qa5 9. Nd4 Nc6 10. Nxc6 bxc6 11. f3 Bc5 12. Kd1 Bf5 13. Nb3 O-O-O+ 14. Bd2
Rxd2+ 15. Qxd2 Qxd2+ 16. Kxd2 Rd8+ 17. Kc3 Bd6 18. g4 Bg6 19. g5 Nh5 20. Bh3+
Kb8 21. fxe4 Bxe4 22. Rhe1 Bg6 23. c5 Bxh2 24. Rad1 Rxd1 25. Rxd1 Be5+ 26. Kb4
Nf4 27. Rd8+ Kb7 28. Na5+ Ka6 29. Nxc6 Nxh3 30. Nxe5 Nf4 31. Ka3 Ne6 32. Rd5
Nxg5 33. b4 Ne6 34. Rd7 Nf4 35. Rxc7 Be8 36. Rxg7 Nd5 37. Kb3 Kb5 38. a4+ Ka6
39. b5+ Ka5 40. Nc4# {Normal} 1-0

[Event "Rated Blitz game"]
[Site "?"]
[Date "2021.07.13"]
[Round "?"]
[White "scabies"]
[Black "rofaidah"]
[Result "1-0"]
[WhiteElo "2463"]
[BlackElo "2446"]
[PlyCount "59"]
[EventDate "2021.??.??"]
[EventType "blitz"]

1. e4 e5 2. Nf3 d5 3. Nc3 dxe4 4. Nxe4 f5 5. Nc3 e4 6. Ne5 Nf6 7. d4 Be6 8.
Bb5+ c6 9. Ba4 Bb4 10. O-O O-O 11. Bb3 Bxb3 12. axb3 Nbd7 13. Nc4 Bxc3 14. bxc3
Nd5 15. Qe1 Qe7 16. Ba3 c5 17. Rd1 Nf4 18. dxc5 Nxc5 19. Qe3 Qg5 20. g3 Nh3+
21. Kg2 f4 22. Qxc5 f3+ 23. Kh1 Qg4 24. Qd5+ Kh8 25. Bxf8 Rxf8 26. Ne5 Qf5 27.
Nf7+ Rxf7 28. Qxf5 Nxf2+ 29. Rxf2 g6 30. Qxf7 {Normal} 1-0

[Event "Rated Blitz game"]
[Site "?"]
[Date "2021.07.13"]
[Round "?"]
[White "oldfriend1"]
[Black "blastol"]
[Result "0-1"]
[WhiteElo "2326"]
[BlackElo "2433"]
[PlyCount "170"]
[EventDate "2021.??.??"]
[EventType "blitz"]

1. e4 e5 2. Nf3 d5 3. d4 dxe4 4. Nxe5 Bd6 5. Nc4 Nf6 6. Be3 O-O 7. Be2 Nc6 8.
a3 Nd5 9. Nxd6 cxd6 10. Qd2 Kh8 11. c4 Nxe3 12. Qxe3 f5 13. g3 Qb6 14. O-O Qxb2
15. Nc3 Qb6 16. Rfd1 a6 17. Nd5 Qd8 18. h4 Be6 19. Nf4 Bf7 20. c5 dxc5 21. dxc5
Qe7 22. Kg2 Rad8 23. h5 Ne5 24. h6 g5 25. Nh3 Rg8 26. Rxd8 Qxd8 27. Rd1 Qf6 28.
Rd6 f4 29. Qd4 f3+ 30. Bxf3 Qxf3+ 31. Kg1 Qf5 32. Kh2 Re8 33. Rd8 Kg8 34. Rxe8+
Bxe8 35. Qd5+ Bf7 36. Qd8+ Be8 37. Qxg5+ Qxg5 38. Nxg5 Nf3+ 39. Nxf3 exf3 40.
Kh3 Bc6 41. Kg4 Kf7 42. Kg5 Bd5 43. g4 Bc6 44. Kf4 Kg6 45. g5 Bd5 46. Kg4 Bc6
47. Kf4 Kh5 48. Kf5 Bd7+ 49. Kf6 Be8 50. Kf5 Bg6+ 51. Kf6 Kh4 52. Ke5 Kxg5 53.
Kd6 Kxh6 54. Ke5 Kg5 55. Kd6 Be4 56. Ke5 Bc6 57. Kd4 h5 58. Ke3 h4 59. Kd4 h3
60. Ke5 h2 61. Kd6 h1=Q 62. Kc7 Qd1 63. Kb6 Qd5 64. Kc7 Qxc5 65. Kb8 Qxa3 66.
Ka7 Qb2 67. Kb8 Qxf2 68. Kc7 Qd4 69. Kb8 Qd5 70. Ka7 b5 71. Kb6 Qd7 72. Kc5 b4
73. Kc4 a5 74. Kb3 a4+ 75. Kxb4 Qd5 76. Kc3 Qc5+ 77. Kd3 Qb4 78. Ke3 a3 79. Kf2
a2 80. Kg3 f2 81. Kxf2 Qf4+ 82. Ke2 a1=Q 83. Kd3 Qa3+ 84. Kc2 Qh2+ 85. Kb1
Qab2# {Normal} 0-1

[Event "Rated Blitz game"]
[Site "?"]
[Date "2021.07.13"]
[Round "?"]
[White "Ak3naton"]
[Black "FourNinetySix"]
[Result "0-1"]
[WhiteElo "2392"]
[BlackElo "2489"]
[PlyCount "50"]
[EventDate "2021.??.??"]
[EventType "blitz"]

1. e4 e5 2. Nf3 d5 3. exd5 Bd6 4. d4 e4 5. Ne5 Nf6 6. c4 c5 7. dxc6 Nxc6 8.
Nxc6 bxc6 9. Be2 Rb8 10. Nc3 O-O 11. O-O Bf5 12. b3 Qc7 13. h3 Qd7 14. Bg4 Nxg4
15. hxg4 Bxg4 16. Qd2 f5 17. Ne2 Qf7 18. Ng3 e3 19. Qxe3 f4 20. Qe4 Rbe8 21.
Qxc6 fxg3 22. Qxd6 gxf2+ 23. Kh1 Re1 24. Bf4 Rxa1 25. Rxa1 Qh5+ {Normal} 0-1

[Event "Rated Blitz tournament H9dKP1Qg"]
[Site "?"]
[Date "2021.07.13"]
[Round "?"]
[White "Saratov_dusn7"]
[Black "Cresswell"]
[Result "1-0"]
[WhiteElo "2401"]
[BlackElo "2541"]
[PlyCount "37"]
[EventDate "2021.??.??"]
[EventType "blitz"]

1. e4 e5 2. Nf3 d5 3. Nxe5 Bd6 4. d4 dxe4 5. Qh5 g6 6. Qe2 f5 7. Nc3 Nf6 8. Bg5
Be7 9. O-O-O Nc6 10. Qc4 Rf8 11. Nxc6 bxc6 12. h4 Bd7 13. d5 Nxd5 14. Nxd5 cxd5
15. Qxd5 Bxg5+ 16. hxg5 Qxg5+ 17. Kb1 Rd8 18. Rxh7 c6 19. Qe5+ {Normal} 1-0

[Event "Rated Blitz game"]
[Site "?"]
[Date "2021.07.13"]
[Round "?"]
[White "Nenidon_Andriy"]
[Black "pasha1984"]
[Result "0-1"]
[WhiteElo "2469"]
[BlackElo "2337"]
[PlyCount "28"]
[EventDate "2021.??.??"]
[EventType "blitz"]

1. e4 e5 2. Nf3 d5 3. d4 dxe4 4. Nxe5 Bd6 5. Nc4 Nc6 6. Nxd6+ Qxd6 7. Be3 Nge7
8. Be2 O-O 9. c4 Qg6 10. g3 Bh3 11. Nc3 Rad8 12. Qd2 Nxd4 13. Bxd4 c5 14. Nb5
cxd4 {Normal} 0-1

[Event "Rated Blitz game"]
[Site "?"]
[Date "2021.07.13"]
[Round "?"]
[White "Still_juking"]
[Black "blastol"]
[Result "1-0"]
[WhiteElo "2339"]
[BlackElo "2421"]
[PlyCount "115"]
[EventDate "2021.??.??"]
[EventType "blitz"]

1. e4 e5 2. Nf3 d5 3. Nc3 dxe4 4. Nxe4 f5 5. Nc3 e4 6. Ne5 Nf6 7. Bc4 Qd4 8.
Nf7 Qxc4 9. Nxh8 Nc6 10. b3 Qc5 11. Bb2 Be6 12. O-O O-O-O 13. Qe2 Nd4 14. Qd1
Bd6 15. Na4 Qe5 16. g3 Rxh8 17. f4 exf3 18. Re1 Ne2+ 19. Rxe2 Qxe2 20. Qxe2
fxe2 21. Re1 Bd7 22. Rxe2 Bxa4 23. bxa4 Kd7 24. c4 Re8 25. Rf2 Ne4 26. Rxf5
Nxd2 27. c5 Bf8 28. Rd5+ Kc6 29. Rxd2 Bxc5+ 30. Kg2 Re4 31. Bxg7 Rxa4 32. h4
Rg4 33. Kh3 Rxg7 34. Rc2 b6 35. Rc3 Kb5 36. g4 Bd6 37. h5 a5 38. Rb3+ Kc4 39.
Rf3 a4 40. Re3 b5 41. Kh4 Bf4 42. Re4+ Kc3 43. Rxf4 b4 44. g5 b3 45. axb3 axb3
46. Rf3+ Kc2 47. Rf2+ Kc3 48. h6 Rg6 49. Rf6 b2 50. Rxg6 b1=Q 51. Rc6+ Kd4 52.
Rxc7 Qh1+ 53. Kg4 Qe4+ 54. Kh5 Qg6+ 55. Kg4 Qe4+ 56. Kg3 Qe5+ 57. Kh3 Qxc7 58.
Kg4 {Time forfeit} 1-0

[Event "Rated Blitz game"]
[Site "?"]
[Date "2021.07.13"]
[Round "?"]
[White "Adim_Ayub"]
[Black "superior2017"]
[Result "1/2-1/2"]
[WhiteElo "2359"]
[BlackElo "2421"]
[PlyCount "215"]
[EventDate "2021.??.??"]
[EventType "blitz"]

1. e4 e5 2. Nf3 d5 3. Nxe5 dxe4 4. d4 Bd6 5. Nc3 Nf6 6. Bc4 Bxe5 7. dxe5 Qxd1+
8. Nxd1 Ng4 9. Bf4 Nc6 10. O-O Ngxe5 11. Bd5 O-O 12. Bxe4 Ng6 13. Bxc7 Nd4 14.
c3 Ne2+ 15. Kh1 Nef4 16. Ne3 Ne6 17. Bd6 Rd8 18. Rfd1 Ng5 19. Bxg6 hxg6 20. Be7
Rxd1+ 21. Rxd1 Ne6 22. Bd6 b6 23. Bg3 Kf8 24. Nd5 Bb7 25. Ne3 Bc6 26. Kg1 Rc8
27. Kf1 Bb5+ 28. Ke1 Nc5 29. Bd6+ Ke8 30. Bxc5 Rxc5 31. f3 Ba4 32. b3 Bd7 33.
c4 Re5 34. Kf2 Bc6 35. Re1 Kd7 36. Nc2 Ra5 37. a3 Rh5 38. h3 Rh8 39. Rd1+ Kc7
40. Nd4 Bd7 41. Ke3 Re8+ 42. Kf2 Rh8 43. Ke3 a6 44. Rd2 Re8+ 45. Kf2 f6 46. Nc2
Re5 47. Ne3 Bc6 48. f4 Ra5 49. a4 Rh5 50. Kg3 Rh8 51. Kf2 Re8 52. Nd5+ Kb7 53.
Ne3 Re7 54. Nd5 Rd7 55. Ke2 b5 56. axb5 axb5 57. Ne3 Re7 58. Kf2 Re4 59. cxb5
Bxb5 60. g3 Rb4 61. Rb2 Bc6 62. Nc4 Bd5 63. Ne3 Rxb3 64. Rxb3+ Bxb3 65. Kf3 Bf7
66. Kf2 Kc7 67. g4 Be8 68. f5 Bc6 69. fxg6 Be4 70. Kg3 Bxg6 71. h4 Kd6 72. g5
Bf7 73. gxf6 gxf6 74. Kf4 Ke7 75. h5 Ba2 76. Nf5+ Kf7 77. h6 Kg6 78. Ng3 Kxh6
79. Ne4 Kg7 80. Nxf6 Bb3 81. Ke3 Bf7 82. Kf2 Bg6 83. Ke1 Bb1 84. Kd2 Ba2 85.
Ke1 Be6 86. Kf2 Kf7 87. Kg1 Ke7 88. Kf2 Kd6 89. Ke1 Kc5 90. Kf2 Kd4 91. Kg1 Kd3
92. Kf2 Bc4 93. Kg1 Bb3 94. Kh2 Kd2 95. Ng4 Ke1 96. Nf2 Kf1 97. Kg3 Bc2 98. Kf4
Bb3 99. Ke5 Ba2 100. Nd3 Bb1 101. Nc5 Bc2 102. Kd6 Bd1 103. Ne4 Be2 104. Ke5
Bd1 105. Kd4 Be2 106. Ke5 Ke1 107. Kd4 Kf1 108. Ke5 {Normal} 1/2-1/2

[Event "Rated Blitz game"]
[Site "?"]
[Date "2021.07.13"]
[Round "?"]
[White "The3minNoob"]
[Black "blastol"]
[Result "1-0"]
[WhiteElo "2306"]
[BlackElo "2414"]
[PlyCount "47"]
[EventDate "2021.??.??"]
[EventType "blitz"]

1. e4 e5 2. Nf3 d5 3. exd5 Bd6 4. Nc3 Nf6 5. d3 h6 6. Be2 O-O 7. O-O c6 8. dxc6
Nxc6 9. Ne4 Bc7 10. Be3 Nd5 11. Bc5 Re8 12. Re1 Bg4 13. h3 Bh5 14. Ng3 Bg6 15.
Bf1 b6 16. Ba3 Nf4 17. c3 Qd7 18. d4 e4 19. Ne5 Nxe5 20. dxe5 Qxd1 21. Raxd1
Rxe5 22. Bd6 Bxd6 23. Rxd6 Nd3 24. Bxd3 {Normal} 1-0

[Event "Rated Blitz game"]
[Site "?"]
[Date "2021.07.13"]
[Round "?"]
[White "Kiril16"]
[Black "Rikoboy"]
[Result "1-0"]
[WhiteElo "2344"]
[BlackElo "2416"]
[PlyCount "69"]
[EventDate "2021.??.??"]
[EventType "blitz"]

1. e4 e5 2. Nf3 d5 3. d3 dxe4 4. dxe4 Qxd1+ 5. Kxd1 Bg4 6. c3 Nf6 7. Bd3 Nc6 8.
Kc2 O-O-O 9. Be3 Bh5 10. Nfd2 Be7 11. f3 Rd7 12. Rd1 Rhd8 13. Nc4 Bg6 14. a4
Nxe4 15. fxe4 Rxd3 16. Nbd2 f5 17. Rf1 f4 18. Bg1 a6 19. Rf3 R3d7 20. a5 Bf6
21. b4 Bh5 22. Nb3 Bxf3 23. gxf3 Be7 24. Bc5 Bxc5 25. Nxc5 Rf7 26. Rb1 g5 27.
b5 axb5 28. Rxb5 g4 29. Rxb7 Rdf8 30. a6 gxf3 31. a7 Nxa7 32. Rxa7 Kd8 33. Nxe5
f2 34. Nc6+ Ke8 35. Ra8# {Normal} 1-0

[Event "Rated Blitz game"]
[Site "?"]
[Date "2021.07.13"]
[Round "?"]
[White "sizukinis24"]
[Black "Barruch"]
[Result "1-0"]
[WhiteElo "2465"]
[BlackElo "2369"]
[PlyCount "53"]
[EventDate "2021.??.??"]
[EventType "blitz"]

1. e4 e5 2. Nf3 d5 3. Nxe5 dxe4 4. d4 Bd6 5. Nc4 Nf6 6. Nxd6+ Qxd6 7. Be2 O-O
8. O-O Nc6 9. c3 Bf5 10. Bg5 h6 11. Bh4 Rfe8 12. Nd2 Rac8 13. Nc4 Qf4 14. Bg3
Qg5 15. Qc1 Qg6 16. Ne3 Bd7 17. b4 Ne7 18. c4 Nf5 19. Nxf5 Bxf5 20. Qc3 h5 21.
Rfe1 h4 22. Bxh4 Nh5 23. Bxh5 Qxh5 24. Bg3 Re6 25. d5 Rg6 26. Qe5 Qg5 27. Rad1
{Normal} 1-0

[Event "Rated Blitz game"]
[Site "?"]
[Date "2021.07.13"]
[Round "?"]
[White "amir_aqn"]
[Black "rofaidah"]
[Result "0-1"]
[WhiteElo "2355"]
[BlackElo "2447"]
[PlyCount "58"]
[EventDate "2021.??.??"]
[EventType "blitz"]

1. e4 e5 2. Nf3 d5 3. Nxe5 Qe7 4. d4 f6 5. Ng4 dxe4 6. Ne3 Nc6 7. d5 Ne5 8. Nc3
f5 9. Nc4 Nxc4 10. Bxc4 Bd7 11. O-O O-O-O 12. Be3 g5 13. Bxa7 Qb4 14. Bd4 Qxc4
15. Bxh8 Bd6 16. Qd4 Qa6 17. Bf6 Nxf6 18. Qxf6 Bxh2+ 19. Kxh2 Qxf6 20. Rad1 g4
21. Kg1 h5 22. Ne2 f4 23. c4 f3 24. Ng3 fxg2 25. Kxg2 Qf3+ 26. Kg1 h4 27. Rde1
hxg3 28. Re3 gxf2+ 29. Rxf2 Qxe3 {Normal} 0-1

[Event "Rated Blitz game"]
[Site "?"]
[Date "2021.07.13"]
[Round "?"]
[White "PaBr"]
[Black "artsportscience"]
[Result "1-0"]
[WhiteElo "2502"]
[BlackElo "2367"]
[PlyCount "97"]
[EventDate "2021.??.??"]
[EventType "blitz"]

1. e4 e5 2. Nf3 d5 3. exd5 e4 4. Ne5 Qxd5 5. d4 exd3 6. Nxd3 Nf6 7. Nc3 Qe6+ 8.
Qe2 Bd6 9. Bf4 Bxf4 10. Nxf4 Qxe2+ 11. Bxe2 O-O 12. O-O-O Nc6 13. Bf3 Bf5 14.
Nfd5 Nxd5 15. Nxd5 Rac8 16. Rhe1 Be6 17. Nf4 Rce8 18. Nxe6 fxe6 19. Rd7 Rf7 20.
Rxf7 Kxf7 21. Bxc6 bxc6 22. c3 Rd8 23. Kc2 Rd5 24. Re4 Rf5 25. f3 Rg5 26. g3
Rf5 27. f4 e5 28. Rc4 exf4 29. gxf4 Rf6 30. Kd3 Kg6 31. Ra4 Kf5 32. Rxa7 Kxf4
33. Rxc7 Rg6 34. a4 Kf3 35. a5 Kg2 36. a6 c5 37. a7 Ra6 38. Kc4 Kxh2 39. Rxg7
h5 40. Kxc5 h4 41. Rh7 h3 42. b4 Kg2 43. b5 Ra2 44. b6 h2 45. c4 Ra3 46. Kc6
Rh3 47. Rg7+ Kf3 48. a8=Q h1=Q 49. Kc7+ {Normal} 1-0

[Event "Rated Blitz game"]
[Site "?"]
[Date "2021.07.13"]
[Round "?"]
[White "durasno"]
[Black "Jomajo"]
[Result "1-0"]
[WhiteElo "2565"]
[BlackElo "2632"]
[PlyCount "105"]
[EventDate "2021.??.??"]
[EventType "blitz"]

1. e4 e5 2. Nf3 d5 3. exd5 e4 4. Ne5 Qxd5 5. d4 exd3 6. Nxd3 Nc6 7. Nc3 Qa5 8.
Bf4 Nf6 9. a3 Nd5 10. Bd2 Nb6 11. b4 Qf5 12. Nf4 Ne5 13. Nb5 Bd6 14. Nxd6+ cxd6
15. Be2 O-O 16. O-O Nbc4 17. Nd5 Kh8 18. f4 Nxd2 19. Qxd2 Nc6 20. b5 Nd8 21. g4
Qd7 22. f5 f6 23. Rf3 Nf7 24. c4 b6 25. Rh3 Bb7 26. Nf4 Kg8 27. Ne6 Rfe8 28.
Bd3 Ne5 29. Rf1 Rac8 30. g5 fxg5 31. Qxg5 Nxd3 32. Rxd3 Rxe6 33. fxe6 Qxe6 34.
Re3 Qxc4 35. Re7 Qd4+ 36. Qe3 Qxe3+ 37. Rxe3 Rd8 38. Re7 Bd5 39. Rxa7 Bc4 40.
Re1 d5 41. Ree7 d4 42. Rxg7+ Kf8 43. Rxh7 d3 44. Rh8+ Bg8 45. Rh4 d2 46. Rf4+
Ke8 47. Re4+ Kf8 48. Rf4+ Ke8 49. Re4+ Kf8 50. Kf2 d1=Q 51. Rf4+ Ke8 52. Re4+
Kf8 53. Re2 {Time forfeit} 1-0

[Event "Rated Blitz game"]
[Site "?"]
[Date "2021.07.13"]
[Round "?"]
[White "ExtremeChess2020"]
[Black "Jomajo"]
[Result "1-0"]
[WhiteElo "2540"]
[BlackElo "2628"]
[PlyCount "59"]
[EventDate "2021.??.??"]
[EventType "blitz"]

1. e4 e5 2. Nf3 d5 3. Bb5+ c6 4. Be2 dxe4 5. Nxe5 Qd4 6. Nc4 f5 7. d3 Nf6 8.
Be3 Qd8 9. Nc3 Bb4 10. dxe4 Qxd1+ 11. Rxd1 Nxe4 12. O-O Bxc3 13. bxc3 O-O 14.
Nd6 Be6 15. Nxe4 fxe4 16. Rd6 Kf7 17. f3 Bxa2 18. fxe4+ Ke7 19. Bg5+ Kxd6 20.
Rxf8 a5 21. Bf4+ Kc5 22. Bxb8 Ra6 23. Bxa6 bxa6 24. e5 a4 25. Bd6+ Kc4 26. Rf7
Kxc3 27. Rxg7 Kd4 28. Ra7 Bc4 29. Rg7 c5 30. Rc7 {Normal} 1-0

[Event "Rated Rapid game"]
[Site "?"]
[Date "2021.07.13"]
[Round "?"]
[White "supertrif"]
[Black "Ach_Lw94"]
[Result "1-0"]
[WhiteElo "2447"]
[BlackElo "2311"]
[PlyCount "115"]
[EventDate "2021.??.??"]
[EventType "rapid"]

1. e4 e5 2. Nf3 d5 3. Nxe5 Bd6 4. d4 dxe4 5. Bf4 Nf6 6. Bc4 O-O 7. O-O c6 8.
Nd2 Bg4 9. Qe1 Bf5 10. Bg3 a5 11. a4 Na6 12. c3 Nc7 13. Bh4 Ncd5 14. Rd1 Qc7
15. Bg3 Nh5 16. Nxe4 Bxe4 17. Qxe4 Nxg3 18. fxg3 Bxe5 19. dxe5 Qb6+ 20. Rf2 Ne3
21. Bd3 g6 22. Re1 Nd5 23. h4 Rae8 24. Qf3 Re6 25. h5 Qc5 26. Kh2 Qe7 27. Rfe2
Qg5 28. Bc4 gxh5 29. Bxd5 cxd5 30. Qxd5 h4 31. Qf3 Rg6 32. gxh4 Qxh4+ 33. Kg1
Qxa4 34. Qxb7 Re8 35. Qd5 Qf4 36. Qxa5 Rh6 37. Re4 Qh2+ 38. Kf2 Ree6 39. Qa8+
Kg7 40. Rg4+ Rhg6 41. Rxg6+ hxg6 42. Qf3 Rb6 43. Re2 Ra6 44. b4 Ra1 45. Qf6+
Kg8 46. e6 fxe6 47. Qxe6+ Kg7 48. Qe7+ Kh6 49. Qf8+ Kg5 50. Qe7+ Kh6 51. Qe3+
Kg7 52. Qd4+ Kh6 53. Qh8+ Kg5 54. Qxh2 Rc1 55. Qg3+ Kf5 56. Qd3+ Kf6 57. Qd6+
Kf7 58. Re7+ {Normal} 1-0

[Event "Rated Blitz tournament M9e2FWPx"]
[Site "?"]
[Date "2021.07.13"]
[Round "?"]
[White "bonbonchristhov"]
[Black "cuerosky"]
[Result "0-1"]
[WhiteElo "2442"]
[BlackElo "2269"]
[PlyCount "70"]
[EventDate "2021.??.??"]
[EventType "blitz"]

1. e4 e5 2. Nf3 d5 3. exd5 e4 4. Nd4 Qxd5 5. Nb3 Nf6 6. Nc3 Qe5 7. Qe2 Bd6 8.
d4 exd3 9. Qxe5+ Bxe5 10. Bxd3 Nc6 11. O-O O-O 12. Ne2 Nb4 13. Bc4 Nxc2 14. Rb1
Bf5 15. Ng3 Bg6 16. f4 Bd6 17. f5 Bh5 18. Bg5 Bg4 19. a3 a5 20. Rbc1 a4 21.
Rxc2 axb3 22. Bxb3 Rfe8 23. Bxf6 gxf6 24. Rc3 Be5 25. Rd3 Rad8 26. Rxd8 Rxd8
27. Ne4 Rd4 28. Nc5 Rd2 29. Ne4 Bd4+ 30. Kh1 Rxb2 31. Bd5 Bxf5 32. h3 c6 33.
Rxf5 cxd5 34. Rxd5 Be5 35. a4 Rb1+ {Normal} 0-1

[Event "Rated Blitz game"]
[Site "?"]
[Date "2021.07.13"]
[Round "?"]
[White "ilkernadi"]
[Black "GoughPhar"]
[Result "1-0"]
[WhiteElo "2466"]
[BlackElo "2412"]
[PlyCount "113"]
[EventDate "2021.??.??"]
[EventType "blitz"]

1. e4 e5 2. Nf3 d5 3. exd5 e4 4. Qe2 Nf6 5. Nc3 Be7 6. Ng5 O-O 7. Ngxe4 Re8 8.
d3 Nxd5 9. Nxd5 Qxd5 10. Be3 f5 11. Nc3 Bb4 12. f4 Nc6 13. Kd2 Nd4 14. Qf2 Nb5
15. a3 Bxc3+ 16. bxc3 Qc6 17. c4 Nd6 18. Be2 Be6 19. Bf3 Qa4 20. Rhb1 Bxc4 21.
Rb4 Qa5 22. Kc1 Ba6 23. Qd2 Nb5 24. Kb2 c5 25. Rb3 Qxd2 26. Bxd2 Nd4 27. Bxb7
Nxb3 28. Bd5+ Kh8 29. cxb3 Bxd3 30. Bxa8 Rxa8 31. Rc1 Rc8 32. Be3 c4 33. Bxa7
Rc7 34. Bd4 Rb7 35. b4 Kg8 36. Bc3 Kf7 37. Re1 Be4 38. g4 g6 39. gxf5 gxf5 40.
Rg1 Kf8 41. Rg3 Rd7 42. a4 Ra7 43. a5 Ke8 44. Rg8+ Kf7 45. Rg7+ Ke6 46. Rxa7
Kd5 47. b5 h5 48. Rc7 h4 49. Be5 h3 50. Kc3 Bb1 51. b6 Bc2 52. Kxc2 c3 53. Kxc3
Ke4 54. b7 Kd5 55. b8=Q Ke6 56. Qb6+ Kd5 57. Qc6# {Normal} 1-0

[Event "Rated Blitz game"]
[Site "?"]
[Date "2021.07.13"]
[Round "?"]
[White "MidFoxxy"]
[Black "rofaidah"]
[Result "0-1"]
[WhiteElo "2389"]
[BlackElo "2424"]
[PlyCount "198"]
[EventDate "2021.??.??"]
[EventType "blitz"]

1. e4 e5 2. Nf3 d5 3. Nxe5 Qe7 4. d4 f6 5. Ng4 dxe4 6. Nc3 Nc6 7. Bb5 Bd7 8. d5
Ne5 9. Nxe5 Qxe5 10. Bxd7+ Kxd7 11. O-O Rd8 12. f4 exf3 13. Qxf3 Kc8 14. Bf4
Qf5 15. Qe3 b6 16. Bxc7 Qd7 17. d6 Bxd6 18. Bxd6 Qxd6 19. Kh1 Nh6 20. Nb5 Qxh2+
21. Kxh2 Ng4+ 22. Kg1 Nxe3 23. Rf3 Ng4 24. Nxa7+ Kb7 25. Nb5 Rhe8 26. Nc3 Rd2
27. Rc1 h5 28. Rd3 Rxd3 29. cxd3 Rd8 30. Rd1 Rd4 31. Ne2 Rd5 32. d4 Ne3 33. Rd3
Nf5 34. Kf2 g5 35. Kf3 Nd6 36. g4 hxg4+ 37. Kxg4 Rf5 38. Rf3 Rxf3 39. Kxf3 Kc6
40. Ke3 f5 41. Kd3 Kd5 42. Nc3+ Ke6 43. b4 f4 44. a4 g4 45. a5 bxa5 46. bxa5 g3
47. Ke2 Kd7 48. Kf3 Kc6 49. Ne2 Kd5 50. Nxf4+ Kxd4 51. Kxg3 Nb5 52. a6 Na7 53.
Ne6+ Ke5 54. Nd8 Kd6 55. Nc6 Kc7 56. Kf4 Kxc6 57. Kf3 Kb6 58. Kf4 Kb5 59. Kf3
Kc5 60. Kf4 Kd4 61. Kf3 Kd3 62. Kf4 Kd4 63. Kf3 Kd5 64. Kf4 Kd6 65. Kg4 Kd7 66.
Kf3 Ke6 67. Kf4 Kd5 68. Kf3 Kd4 69. Kg4 Kd3 70. Kg3 Kd2 71. Kg4 Kd3 72. Kg3 Kc3
73. Kg4 Kb4 74. Kg3 Kc4 75. Kf4 Kc5 76. Kg4 Kc6 77. Kf3 Kc7 78. Kf4 Kc8 79. Kg3
Kd7 80. Kf3 Ke7 81. Kf4 Kf6 82. Kg3 Kg6 83. Kf3 Kf5 84. Ke3 Ke5 85. Kf3 Kd5 86.
Kg3 Kc5 87. Kg4 Kc4 88. Kf3 Kb3 89. Kf4 Kb4 90. Kg3 Kb5 91. Kg4 Kb6 92. Kf3 Nc6
93. Kf4 Nd4 94. Kg4 Ne6 95. Kg3 Nc7 96. Kh4 Ka7 97. Kh3 Nd5 98. Kg4 Ne7 99. Kg3
Ng6 {Time forfeit} 0-1

[Event "Rated Blitz game"]
[Site "?"]
[Date "2021.07.13"]
[Round "?"]
[White "donateIIo"]
[Black "Jomajo"]
[Result "1-0"]
[WhiteElo "2664"]
[BlackElo "2703"]
[PlyCount "111"]
[EventDate "2021.??.??"]
[EventType "blitz"]

1. e4 e5 2. Nf3 d5 3. exd5 e4 4. Qe2 Qe7 5. Nd4 Nf6 6. d3 exd3 7. Qxe7+ Bxe7 8.
Bxd3 Nxd5 9. O-O O-O 10. Be4 Nf6 11. Bf3 c6 12. Nd2 Na6 13. Nc4 Nb4 14. c3 Nbd5
15. Re1 Bc5 16. Bg5 Bxd4 17. cxd4 Be6 18. a3 Rfd8 19. Rad1 Rac8 20. Na5 b6 21.
Nc4 Kf8 22. Ne5 Rc7 23. Rc1 Rdc8 24. h3 Nd7 25. Nc4 N7f6 26. Bh4 Nf4 27. Red1
h6 28. Bxf6 gxf6 29. Ne3 Ke7 30. h4 Nd5 31. Bxd5 cxd5 32. Rxc7+ Rxc7 33. Kf1
Kd6 34. Ke2 Rc8 35. g3 Rc7 36. Kd2 Rc8 37. Rc1 Rg8 38. Ng2 Bf5 39. Nf4 Be4 40.
Nh5 Re8 41. Nxf6 Re6 42. Ng4 Bf3 43. Ne5 Bh5 44. Rc6+ Ke7 45. Rxe6+ Kxe6 46.
Ke3 Bd1 47. Nd3 Ba4 48. Kf4 Bb5 49. Ne5 f6 50. Ng4 h5 51. Ne3 Bd3 52. f3 Bg6
53. g4 a6 54. Kg3 a5 55. Ng2 hxg4 56. Nf4+ {Normal} 1-0

[Event "Rated Blitz game"]
[Site "?"]
[Date "2021.07.13"]
[Round "?"]
[White "jsemkurina"]
[Black "KamranShirazi"]
[Result "0-1"]
[WhiteElo "2480"]
[BlackElo "2508"]
[PlyCount "62"]
[EventDate "2021.??.??"]
[EventType "blitz"]

1. e4 e5 2. Nf3 d5 3. d4 dxe4 4. Nxe5 Nd7 5. Bf4 Nxe5 6. Bxe5 Be6 7. Nd2 f5 8.
c4 Nf6 9. d5 Ng4 10. Bg3 Bf7 11. h3 Nf6 12. Be2 Bd6 13. O-O O-O 14. Qb3 f4 15.
Bh2 f3 16. gxf3 Bxh2+ 17. Kxh2 Qd6+ 18. Kg1 Bh5 19. Qe3 exf3 20. Bxf3 Rae8 21.
Qd3 Bxf3 22. Qxf3 Ne4 23. Qd3 Nxd2 24. Qxd2 Rf3 25. Kg2 Ref8 26. Rh1 Qf6 27.
Raf1 Qg6+ 28. Kh2 Rxh3+ 29. Kxh3 Rf3+ 30. Kh2 Qh5+ 31. Kg2 Qg4+ {Normal} 0-1

[Event "Rated Blitz game"]
[Site "?"]
[Date "2021.07.13"]
[Round "?"]
[White "JKJJJ"]
[Black "Artem_0degov"]
[Result "0-1"]
[WhiteElo "2329"]
[BlackElo "2647"]
[PlyCount "34"]
[EventDate "2021.??.??"]
[EventType "blitz"]

1. e4 e5 2. Nf3 d5 3. exd5 e4 4. Nd4 Qxd5 5. Nb3 Nf6 6. Nc3 Qe5 7. Be2 Bd6 8.
d4 exd3 9. Qxd3 Nc6 10. a3 Bf5 11. Qd1 O-O-O 12. Bd2 Rhe8 13. g3 Bh3 14. Bf4
Qe7 15. Qc1 Ne5 16. Nb5 Nf3+ 17. Kd1 Bxf4+ {Normal} 0-1